Charles Rennie Mackintosh

Αποθηκεύτηκε σε:
Λεπτομέρειες βιβλιογραφικής εγγραφής
Κύριος συγγραφέας: Kaplan, Wendy (Συγγραφέας)
Μορφή: Βιβλίο
Γλώσσα:Αγγλικά
Έκδοση: Nueva York Abbeville Press 1996
Θέματα:
Ετικέτες: Προσθήκη ετικέτας
Δεν υπάρχουν, Καταχωρήστε ετικέτα πρώτοι!

MARC

LEADER 00000nam a2200000 a 4500
001 UCP9161
003 CL-VaPUC
008 000324e19960000US |||||||||||||||||eng|d
082 0 4 |a 720.92  |b KAP  |2 21 
100 0 |a Kaplan, Wendy  |e author  |9 439569 
245 1 0 |a Charles Rennie Mackintosh 
300 |a 382 p 
942 |c BK 
945 |d 20000324 00:00:00  |a rbrito 
260 |a Nueva York  |b Abbeville Press  |c 1996 
600 0 7 |a MACKINTOSH, CHARLES RENNIE  |2 CL-VaPUC  |9 366218 
650 0 |a Arquitectura inglesa   |9 370670 
650 0 |a Arquitectos ingleses   |9 439570 
650 0 |a Arte británico   |9 352880 
650 0 |a Crítica e interpretación   |9 255042 
583 |a last modification  |c 20000324 00:00:00  |k Rodrigo Vera 
999 |c 286007  |d 286005 
952 |0 0  |1 0  |4 0  |6 720_920000000000000_KAP_1996  |7 0  |8 P  |9 331212  |a BIBARQ  |b BIBARQ  |d 2019-11-20  |i 3597113  |o 720.92 KAP 1996  |p 3597113  |r 2025-01-20  |w 2019-11-20  |y BK  |k ARQ